|
|
|
|
| LEADER |
00000nab a2200000 a 4500 |
| 001 |
vtls000595934 |
| 003 |
SK-MaSNL |
| 005 |
20260304173720.0 |
| 008 |
250425c1996 xo 0 slo |
| 015 |
|
|
|a SNBRB19rr/mm-uuuuu
|
| 035 |
|
|
|a CL0596073
|
| 035 |
|
|
|a urn:nbn:sk:snk-abak1j
|
| 035 |
|
|
|a (urnnbn)urn:nbn:sk:snk:ar-008eeh
|
| 035 |
|
|
|a (uuid)655278bc-e867-4b40-b297-e091f5027667
|
| 040 |
|
|
|a SNKBUCL
|b slo
|c SNKBUCL
|e AACR2
|
| 041 |
0 |
|
|a slo
|
| 044 |
|
|
|a xo
|c SK
|
| 080 |
|
|
|a 69:725.24(437.6)
|2 1981
|
| 080 |
|
|
|a 725.24(437.6)
|2 1981
|
| 245 |
0 |
0 |
|a Stavba roka '96
|b Po roku opäť kvalita stavebných diel pod drobnohľadom
|
| 300 |
|
|
|b Fotogr. 2
|
| 610 |
2 |
7 |
|a Všeobecná úverová banka
|2 SNKKA
|9 33755
|
| 650 |
0 |
7 |
|a Stavba roka 1996
|2 snkbucl
|9 996583
|
| 655 |
|
7 |
|a články z novín a časopisov
|2 snkbucl
|9 267496
|
| 773 |
0 |
|
|t Eurostav
|g Roč. 2, č. 4 (1996), s. 8-9
|x 1335-1249
|
| 850 |
|
|
|a Slovenská národná knižnica
|
| 852 |
|
|
|a Slovenská národná knižnica
|
| 954 |
|
|
|a odborná, vedecká literatúra pôvodná (slovenská)
|2 lita
|
| 957 |
|
|
|a 5201
|
| 958 |
|
|
|a article14
|
| 958 |
|
|
|a OND
|
| 958 |
|
|
|a RK
|
| 958 |
|
|
|a SK
|
| 958 |
|
|
|a EUIPO
|
| 992 |
|
|
|a RBX
|
| 999 |
|
|
|c 3005259
|d 3007189
|